| 000 | 00392pam a2200157a 44500 | ||
|---|---|---|---|
| 008 | 230515b2004 xxu||||| |||| 00| 0 eng d | ||
| 020 | _aNULL | ||
| 041 | _aENGL | ||
| 082 | _a306.72 VAI. | ||
| 100 | _a"VADYA, M." | ||
| 245 | _aTENASAE YOJANA : THREE HUNDRED YOJANA : FOR FARMER | ||
| 250 | _a1 | ||
| 260 |
_aNEW DLHI _bSTERLING PUBLISHERS P LTD _c2004 |
||
| 300 | _a175 | ||
| 650 | _aN.D. | ||
| 999 |
_c540001 _d540001 |
||